000 00946cam a2200265 a 4500
001 15576076
005 20180122080008.0
008 090106s2010 maua b 001 0 eng
010 _a 2009000183
020 _a9780137145522 (hbk.)
020 _a0137145527 (hbk.)
035 _a(OCoLC)ocn268788347
040 _aDLC
_cDLC
_dBTCTA
_dYDXCP
_dC#P
_dBWX
_dCDX
_dSINIE
_dDLC
041 _aeng
043 _an-us---
080 _a428.40712 ALV
082 0 0 _a428.40712 ALV
_222
100 1 _a47
101 _aEDU
245 1 0 _aContent area reading and literacy :
_cDonna E. Alvermann, Stephen F. Phelps, Victoria Ridgeway Gillis.
504 _aIncludes bibliographical references (p. 435-465) and indexes.
906 _a7
_bcbc
_corignew
_d1
_eecip
_f20
_gy-gencatlg
942 _2ddc
_cBK
999 _c40672
_d40672